000 01729cam a2200373 a 4500
001 16957879
005 20170105102904.0
008 110912s2012 enkab b 001 0 eng
010 _a 2011036756
020 _a9780415587785 (hardback)
020 _a9780203125373 (ebook)
040 _aDLC
_cDLC
_dDLC
042 _apcc
043 _aa-pk---
050 0 0 _aDS376.98
_b.H35 2012
082 0 0 _a911/.5491
_223
100 1 _aHaines, Chad.
245 1 0 _aNation, territory, and globalization in Pakistan :
_btraversing the margins /
_cChad Haines.
260 _aLondon ;
_aNew York :
_bRoutledge,
_c2012.
300 _axii, 151 p. :
_bill., maps ;
_c25 cm.
490 0 _aRoutledge contemporary South Asia series;
_v56
504 _aIncludes bibliographical references and index.
505 0 _aIntroduction -- Mapping liminal territories : frontierization and the making of the Gilgit Agency -- Landscaping the colonial state : reorienting the Gilgit Agency -- Orienting national horizons : the silk route imagined -- Emplacing the Karakoram Highway : from tourist spots to truck stops -- Policing destinations : tradition, gender and spaces of power -- Conclusion.
650 0 _aLegitimacy of governments
_zPakistan.
651 0 _aPakistan
_xBoundaries.
651 0 _aPakistan
_xColonial influence.
651 0 _aPakistan
_xPolitics and government.
651 0 _aKarakoram Highway (China and Pakistan)
_xPolitical aspects.
651 0 _aGilgit District (Pakistan)
_xHistory.
651 0 _aBaltistān District (Pakistan)
_xHistory.
906 _a7
_bcbc
_corignew
_d1
_eecip
_f20
_gy-gencatlg
942 _2ddc
_cBK
999 _c14779
_d14779